000 00794nam a22002537a 4500
003 OSt
005 20150407091618.0
008 141114b xxu||||| |||| 00| 0 eng d
040 _cBMC
082 _a973.917
082 _a970.052
082 _a923
100 1 _93381
_aSchlesinger, Arthur M.
_d1917-2007
245 1 3 _aLa era de Roosevelt
_b: la politica del cataclismo
_cArthur M. Schlesinger ; traducción, José Meza Nieto
250 _a1ª ed
260 _aMéxico D.F.
_bUTHEA
_c1968
300 _a708 p.
_c23 cm
490 _aBiblioteca UTEHA de historia
546 _aTraducción de: The politics of upheaval
600 2 4 _917034
_aRoosevelt, Franklin Delano
_d1882-1945
650 2 4 _93491
_aNew Deal, 1933-1939
700 1 _93484
_aMeza Nieto, José
942 _2ddc
_cBK
_hahoj
999 _c15741
_d15741